000 00700nam a22001817a 4500
003 UA-OsUOA
001 17193
007 ta
008 20040217b un ||||| |||| 00| 0 ukr d
100 _aШевченко С.В.
942 _cSA
040 _aUA-OsUOA
_cUA-OsUOA
_dUA-OsUOA
245 _aВимогливо і з перспективою: [Розмова з головою Радивилів. райдержадмін. С. Шевченком про осн. здобутки 2003 р. та завдання на 2004 р.]
300 _aС.1
955 _a0
773 0 _w0
_tПрапор перемоги
_dРадивилів
_d2004
_g№11/6 лют./
650 7 _aКраєзнавча робота
_2UDC
999 _c303361
_d303361